书目信息 |
| 题名: |
AIGC动画场景设计
|
|
| 作者: | 唐杰晓 , 杨奥 , 邓晰 编著 | |
| 分册: | ||
| 出版信息: | 北京 清华大学出版社 2025.01 |
|
| 页数: | 161页 | |
| 开本: | 26cm | |
| 丛书名: | ||
| 单 册: | ||
| 中图分类: | J218.7 | |
| 科图分类: | ||
| 主题词: | 动画设计--高等学校--教材 | |
| 电子资源: | ||
| ISBN: | 978-7-302-67987-5 | |
| 000 | 01064nam0 2200277 450 | |
| 001 | 013434040 | |
| 005 | 20251022194628.50 | |
| 010 | @a978-7-302-67987-5@dCNY69.00 | |
| 100 | @a20250221d2025 em y0chiy0120 ea | |
| 101 | 0 | @achi |
| 102 | @aCN@b110000 | |
| 105 | @aa z 000yy | |
| 106 | @ar | |
| 200 | 1 | @aAIGC动画场景设计@9AIGC dong hua chang jing she ji@f唐杰晓,杨奥,邓晰编著 |
| 210 | @a北京@c清华大学出版社@d2025.01 | |
| 215 | @a161页@c图,照片@d26cm | |
| 300 | @a高等学校设计+人工智能(AI for design)系列教材/董占军主编 | |
| 330 | @a本书讲解了动画场景设计和AIGC的相关理论,以及AIGC动画设计方法与规范、AIGC动画场景设计案例制作等。通过全书可以学习如何利用AIGC技术提升动画场景设计的效率与质量,探索AIGC在动画领域的无限可能,掌握全新的艺术表达技能。 | |
| 510 | 1 | @aAIGC animation scene design@zeng |
| 606 | 0 | @a动画设计@x高等学校@j教材 |
| 690 | @aJ218.7@v5 | |
| 701 | 0 | @a唐杰晓@9tang jie xiao@4编著 |
| 701 | 0 | @a杨奥@9yang ao@4编著 |
| 701 | 0 | @a邓晰@9deng xi@4编著 |
| 801 | 0 | @aCN@c20250905 |
| 905 | @a河南城建学院图书馆@dJ218.7@eT247@ZT247@f1 | |
| AIGC动画场景设计/唐杰晓,杨奥,邓晰编著.-北京:清华大学出版社,2025.01 |
| 161页:图,照片;26cm |
| 高等学校设计+人工智能(AI for design)系列教材/董占军主编 |
| ISBN 978-7-302-67987-5:CNY69.00 |
| 本书讲解了动画场景设计和AIGC的相关理论,以及AIGC动画设计方法与规范、AIGC动画场景设计案例制作等。通过全书可以学习如何利用AIGC技术提升动画场景设计的效率与质量,探索AIGC在动画领域的无限可能,掌握全新的艺术表达技能。 |
| ● |
| 相关链接 |
|
|
|
正题名:AIGC动画场景设计
索取号:J218.7/T247
 
预约/预借
| 序号 | 登录号 | 条形码 | 馆藏地/架位号 | 状态 | 备注 |
| 1 | 1631597 | 216315976 | 社科库309/309社科库 74排1列6层/ [索取号:J218.7/T247] | 在馆 |